000
00265nam a2200109Ia 4500
008
220216s9999 xx 000 0 und d
100
_a
Jacob C.K.
245
0
_a
New approaches for control of bark rot disease
260
_b
Rubber
_c
1995
300
_a
11
942
_c
ML
999
_c
72645
_d
72645